[Event "World Open"]
[Site "?"]
[Date "2004.06.27"]
[Round "3"]
[White "Thaler, Michael"]
[Black "Furdzik, Rafal"]
[Result "1/2-1/2"]
[WhiteElo "2031"]
[BlackElo "2200"]
[PlyCount "50"]
[EventDate "2004.06.28"]

1. e4 c6 2. d4 d5 3. exd5 cxd5 4. c4 e6 5. Nc3 Nf6 6. Nf3 Bb4 7. Bd3 dxc4 8.
Bxc4 O-O 9. O-O b6 10. Bb3 Bb7 11. Bg5 Bxc3 12. bxc3 Nbd7 13. Re1 Qc7 14. Qd3
Rac8 15. Rac1 Rfd8 16. Bxf6 Nxf6 17. Ng5 Bd5 18. c4 h6 19. Nxf7 Kxf7 20. cxd5
Qxc1 21. dxe6+ Ke7 22. Rxc1 Rxc1+ 23. Bd1 Rdc8 24. g3 R8c3 25. Qe2 Rc6 1/2-1/2

[Event "World Open"]
[Site "?"]
[Date "2004.06.27"]
[Round "4"]
[White "Furzik, Rafal"]
[Black "Rivera, Omar"]
[Result "*"]
[WhiteElo "2200"]
[BlackElo "2294"]
[PlyCount "39"]
[EventDate "2004.06.28"]

1. e4 e6 2. Qe2 c5 3. Nf3 Nc6 4. g3 Nf6 5. Bg2 d5 6. d3 Be7 7. O-O O-O 8. e5
Nd7 9. c4 d4 10. Re1 Qc7 11. h4 a6 12. Bf4 b5 13. Nbd2 Bb7 14. b3 Nb6 15. Nh2
Nc8 16. Ne4 bxc4 17. Nf6+ Kh8 18. Qh5 gxf6 19. exf6 Qd7 20. Qh6 *

[Event "World Open"]
[Site "?"]
[Date "2004.06.27"]
[Round "3"]
[White "Coleman, Teddy"]
[Black "Caicedo, Ernesto"]
[Result "1-0"]
[WhiteElo "2198"]
[BlackElo "1837"]
[PlyCount "51"]
[EventDate "2004.06.28"]

1. c4 e5 2. g3 Nf6 3. Bg2 d5 4. cxd5 Nxd5 5. Nc3 Be6 6. Nf3 Nc6 7. d3 Bb4 8.
Bd2 O-O 9. O-O Nxc3 10. bxc3 Be7 11. Rb1 b6 12. Qa4 Qd6 13. Rfd1 Bd7 14. Qc2
Qg6 15. Qb2 Rae8 16. d4 e4 17. Ne1 Bd6 18. c4 Qh5 19. Bc3 f5 20. c5 e3 21. cxd6
exf2+ 22. Kxf2 Qxh2 23. Nf3 Qh6 24. Bd2 Qxd6 25. Bf4 Qe6 26. d5 1-0

[Event "World Open"]
[Site "Philadelphia"]
[Date "2004.06.29"]
[Round "1"]
[White "Carroll, Franklin L"]
[Black "Onischuk, Alexander"]
[Result "0-1"]
[WhiteElo "1693"]
[BlackElo "2706"]
[PlyCount "81"]
[EventDate "2004.??.??"]

1. e4 e5 2. Nf3 Nc6 3. Bb5 d6 4. d4 exd4 5. Qxd4 Bd7 6. Bxc6 Bxc6 7. Bg5 Nf6 8.
Nc3 Be7 9. O-O-O O-O 10. e5 Ne8 11. h4 Bxf3 12. gxf3 Bxg5+ 13. hxg5 Qxg5+ 14.
f4 dxe5 15. fxg5 exd4 16. Rxd4 f6 17. f4 Nd6 18. Rd2 fxg5 19. fxg5 Rae8 20.
Rdh2 Re5 21. Rxh7 Rf1+ 22. Rxf1 Kxh7 23. b3 Rxg5 24. Re1 Nb5 25. Ne4 Re5 26. a4
Nd4 27. Rh1+ Kg6 28. Nc3 Ne2+ 29. Kd2 Nxc3 30. Kxc3 Kf6 31. Rh2 g5 32. Kd4 Re7
33. Rf2+ Kg6 34. Rh2 g4 35. Rf2 Kg5 36. a5 Kh4 37. a6 Rd7+ 38. Kc5 bxa6 39. Kc6
Rg7 40. Kb7 g3 41. Rg2 0-1

[Event "World Open"]
[Site "Philadelphia"]
[Date "2004.06.29"]
[Round "1"]
[White "Norowitz, Yaacov"]
[Black "Ivanov, Alexander"]
[Result "0-1"]
[WhiteElo "2235"]
[BlackElo "2623"]
[PlyCount "49"]
[EventDate "2004.??.??"]

1. d4 g6 2. Nf3 Bg7 3. e3 d6 4. b3 Nd7 5. Bb2 e5 6. c4 e4 7. Nfd2 f5 8. f3 exf3
9. Qxf3 Ne7 10. g3 O-O 11. Bg2 Nf6 12. O-O c6 13. Nc3 d5 14. Ba3 Be6 15. Qf4
Re8 16. Qd6 Bf7 17. Qxd8 Raxd8 18. Rfe1 Ng4 19. Kh1 dxc4 20. Nxc4 Bxc4 21. bxc4
Nc8 22. Rab1 Rxe3 23. Rxe3 Nxe3 24. Rxb7 Nxc4 25. Bc1 0-1

[Event "World Open"]
[Site "Philadelphia"]
[Date "2004.06.29"]
[Round "1"]
[White "Chernin, Oliver"]
[Black "Mikhalevski, Victor"]
[Result "0-1"]
[WhiteElo "2216"]
[BlackElo "2561"]
[PlyCount "48"]
[EventDate "2004.??.??"]

1. c4 Nf6 2. Nc3 d5 3. cxd5 Nxd5 4. g3 g6 5. Bg2 Nxc3 6. bxc3 Bg7 7. Rb1 Nc6 8.
d4 O-O 9. Nf3 Na5 10. Nd2 c5 11. e3 Bf5 12. Rb2 e5 13. d5 Bd3 14. e4 f5 15. f3
c4 16. Nf1 b6 17. Be3 Nb7 18. Rd2 fxe4 19. fxe4 Nc5 20. Bxc5 bxc5 21. Rb2 Qa5
22. Qd2 Rab8 23. h4 Bh6 24. Qxh6 Rxb2 0-1

[Event "World Open"]
[Site "Philadelphia"]
[Date "2004.06.29"]
[Round "1"]
[White "Blatny, Pavel"]
[Black "Le Bon, John A"]
[Result "1-0"]
[WhiteElo "2547"]
[BlackElo "2209"]
[PlyCount "95"]
[EventDate "2004.??.??"]

1. b3 e5 2. Bb2 Nc6 3. e3 d5 4. Bb5 Bd6 5. f4 Qh4+ 6. g3 Qe7 7. Nf3 Bg4 8. fxe5
Bxe5 9. Bxe5 Bxf3 10. Qxf3 Qxe5 11. d4 Qe6 12. c4 Nge7 13. Nc3 O-O-O 14. Bxc6
Qxc6 15. O-O Rhf8 16. c5 h5 17. Qxh5 f5 18. Qg5 Qe6 19. b4 f4 20. Rae1 fxg3 21.
hxg3 Rh8 22. Rf4 g6 23. Nd1 Nf5 24. Nf2 Rh5 25. Qg4 Rdh8 26. b5 Kb8 27. Qf3 Rg5
28. Rg4 Rxg4 29. Qxg4 Qe7 30. Qf4 Re8 31. Nd3 Qe4 32. Qxe4 Rxe4 33. Kf2 Kc8 34.
Ne5 g5 35. Rh1 Kd8 36. Rh8+ Ke7 37. c6 b6 38. Rh7+ Kd8 39. Nf7+ Ke7 40. Nxg5+
Kd8 41. Nf7+ Ke8 42. Ng5 Rxe3 43. Rf7 Rxg3 44. Rxf5 Ra3 45. Re5+ Kf8 46. Ne6+
Ke7 47. Nxc7+ Kd6 48. Ne8# 1-0

[Event "World Open"]
[Site "Philadelphia"]
[Date "2004.06.29"]
[Round "1"]
[White "Savage, Allan G"]
[Black "Rahman, Ziaur"]
[Result "0-1"]
[WhiteElo "2203"]
[BlackElo "2543"]
[PlyCount "100"]
[EventDate "2004.??.??"]

1. d4 d6 2. e4 Nf6 3. Nc3 g6 4. g3 Bg7 5. Bg2 O-O 6. Nge2 Nbd7 7. h3 c6 8. O-O
e5 9. a4 Re8 10. Be3 Qc7 11. Qd2 exd4 12. Bxd4 Nb6 13. b3 Be6 14. a5 Nbd7 15.
Rfd1 Red8 16. f4 d5 17. exd5 cxd5 18. Ra2 a6 19. g4 Re8 20. Ng3 h6 21. Qf2 Bxg4
22. hxg4 Nxg4 23. Nxd5 Nxf2 24. Nxc7 Nxd1 25. Bxg7 Re1+ 26. Kh2 Rc8 27. Ne8
Rcxe8 28. Bd4 Ne3 29. Bxb7 Nf1+ 30. Kg2 Nxg3 31. Kxg3 R1e6 32. c3 Nf6 33. b4
Rb8 34. Bf3 Nh5+ 35. Bxh5 gxh5 36. Rh2 Rb5 37. Bc5 Kh7 38. Kf3 Kg6 39. Rg2+ Kf6
40. Rh2 Kg6 41. Rg2+ Kh7 42. Rh2 Re1 43. Rxh5 Rc1 44. Rd5 Rxc3+ 45. Kg4 Rc2 46.
Rd7 Kg7 47. Ra7 h5+ 48. Kh4 Rc4 49. Rxa6 Rxf4+ 50. Kxh5 Rfxb4 0-1

[Event "World Open"]
[Site "Philadelphia"]
[Date "2004.06.29"]
[Round "1"]
[White "Kraai, Jesse"]
[Black "Owen, Steven A"]
[Result "1-0"]
[WhiteElo "2497"]
[BlackElo "2051"]
[PlyCount "59"]
[EventDate "2004.??.??"]

1. e4 d5 2. exd5 Qxd5 3. Nc3 Qa5 4. d4 Nf6 5. Nf3 c6 6. Bc4 Bf5 7. Bd2 e6 8.
Nd5 Qd8 9. Nxf6+ Qxf6 10. Qe2 Bg4 11. d5 Bxf3 12. gxf3 cxd5 13. Bxd5 Nc6 14.
Bc3 Qg5 15. Rd1 O-O-O 16. Bxc6 Rxd1+ 17. Kxd1 bxc6 18. Qa6+ Kb8 19. Qxc6 Bc5
20. Ke2 Qf5 21. Rd1 Bb6 22. Qe4 Qc5 23. Be5+ Bc7 24. Bxc7+ Qxc7 25. Rd4 a5 26.
Rc4 Qd6 27. Rc3 Qa6+ 28. Ke1 Rd8 29. Qe5+ Qd6 30. Qb5+ 1-0

[Event "World Open"]
[Site "Philadelphia"]
[Date "2004.06.29"]
[Round "1"]
[White "Ippolito, Dean J"]
[Black "Mayers, Dan E"]
[Result "1-0"]
[WhiteElo "2404"]
[BlackElo "2011"]
[PlyCount "57"]
[EventDate "2004.??.??"]

1. d4 e6 2. c4 b6 3. a3 Bb7 4. Nc3 Nf6 5. Nf3 Be7 6. g3 O-O 7. Bg2 d5 8. cxd5
exd5 9. O-O Nbd7 10. b4 c5 11. bxc5 bxc5 12. Rb1 Nb6 13. dxc5 Bxc5 14. Na4 Bd6
15. Be3 Qe7 16. Nd4 Ng4 17. Nf5 Qf6 18. Nxb6 axb6 19. Rxb6 Qxf5 20. Rxb7 Nxe3
21. fxe3 Qe5 22. Bxd5 Qxe3+ 23. Kh1 Qxa3 24. Rbxf7 Rxf7 25. Rxf7 Kh8 26. Bxa8
Qxa8+ 27. Rf3 Qc6 28. Qd3 g6 29. Qc3+ 1-0

[Event "World Open"]
[Site "Philadelphia"]
[Date "2004.06.29"]
[Round "1"]
[White "Brookshear, H Timothy"]
[Black "Hoekstra, Matthew"]
[Result "0-1"]
[WhiteElo "2025"]
[BlackElo "2386"]
[PlyCount "62"]
[EventDate "2004.??.??"]

1. d4 Nf6 2. Nf3 e6 3. e3 b6 4. Nbd2 Bb7 5. Bd3 c5 6. c3 d5 7. O-O Nbd7 8. Re1
a6 9. c4 dxc4 10. Bxc4 Qc7 11. b3 b5 12. Bf1 cxd4 13. Nxd4 Bb4 14. Bb2 e5 15.
Nc2 Bc3 16. Bxc3 Qxc3 17. Rc1 O-O 18. Nd4 Qa5 19. Nf5 Qxa2 20. Rc7 Rad8 21.
Rxb7 Nc5 22. Ra7 Rxd2 23. Qf3 Nce4 24. Bxb5 Rxf2 25. Rxa6 Qxb3 26. Qh3 Qb4 27.
Rea1 Qxb5 28. Rxf6 Nxf6 29. Kxf2 Qb2+ 30. Kf3 Qxa1 31. Qg3 Qf1+ 0-1

[Event "World Open"]
[Site "Philadelphia"]
[Date "2004.06.29"]
[Round "1"]
[White "Formanek, Edward W"]
[Black "Amador, Jorge E"]
[Result "1-0"]
[WhiteElo "2308"]
[BlackElo "1958"]
[PlyCount "99"]
[EventDate "2004.??.??"]

1. e4 c5 2. Nf3 e6 3. c3 Nf6 4. e5 Nd5 5. d4 b6 6. c4 Nc7 7. Bd3 cxd4 8. Nxd4
Qh4 9. Nf3 Bb4+ 10. Kf1 Qd8 11. Be4 Nc6 12. Qa4 Na6 13. Bxc6 dxc6 14. Qxc6+ Bd7
15. Qe4 Rc8 16. Bg5 Qc7 17. a3 Be7 18. Bxe7 Kxe7 19. Nbd2 Bc6 20. Qh4+ f6 21.
Qg3 Kf7 22. exf6 gxf6 23. Qxc7+ Rxc7 24. b4 Bxf3 25. gxf3 Ra8 26. Ke2 Rd7 27.
Rhd1 Rg8 28. Ne4 Rc7 29. Rg1 Rg6 30. Rg3 Ke7 31. Rag1 Rxg3 32. hxg3 f5 33. Nd2
Kf6 34. Rh1 Kg6 35. f4 Nb8 36. Nf3 Nd7 37. Rd1 Kf6 38. Rc1 Ke7 39. Ne5 Nf6 40.
Rh1 Kd6 41. Rd1+ Ke7 42. f3 a6 43. Ke3 a5 44. Kf2 Rc8 45. a4 Rc7 46. b5 h5 47.
Nc6+ Ke8 48. Rd8+ Kf7 49. Rd6 Ne8 50. Ne5+ 1-0

[Event "World Open"]
[Site "Philadelphia"]
[Date "2004.06.29"]
[Round "1"]
[White "Privman, Boris"]
[Black "Coraretti, Benjamin J"]
[Result "1-0"]
[WhiteElo "2289"]
[BlackElo "1863"]
[PlyCount "57"]
[EventDate "2004.??.??"]

1. d4 d5 2. c4 dxc4 3. e3 Nf6 4. Bxc4 e6 5. Nf3 c5 6. O-O a6 7. a4 Nc6 8. Nc3
cxd4 9. exd4 Be7 10. Be3 O-O 11. h3 Nb4 12. Ne5 Nbd5 13. Bg5 Bd7 14. Nxd5 Nxd5
15. Bxd5 exd5 16. Bxe7 Qxe7 17. Qb3 Be6 18. Rac1 Rac8 19. Rc3 Rc7 20. f4 f6 21.
Nd3 Rc4 22. Re1 Qf7 23. Nc5 Bc8 24. Qb6 Rxd4 25. Ne6 Re4 26. Rxe4 dxe4 27. Nxf8
Qxf8 28. Qb3+ Kh8 29. Qc4 1-0

[Event "World Open"]
[Site "Philadelphia"]
[Date "2004.06.29"]
[Round "1"]
[White "Knesevitch, Ed"]
[Black "Tarrio Martin, ??."]
[Result "0-1"]
[WhiteElo "1767"]
[BlackElo "2257"]
[PlyCount "42"]
[EventDate "2004.??.??"]

1. e4 Nc6 2. Nf3 Nf6 3. e5 Ng4 4. d4 d6 5. h3 Nh6 6. Bxh6 gxh6 7. e6 fxe6 8. d5
exd5 9. Qxd5 Bg7 10. Bc4 e6 11. Qh5+ Kf8 12. c3 Qf6 13. O-O Ne5 14. Nxe5 Qxe5
15. Qd1 Rg8 16. Re1 Qf4 17. Bxe6 Bxe6 18. Rxe6 Be5 19. Qh5 Qh2+ 20. Kf1 Qxg2+
21. Ke1 Qe4+ 0-1

[Event "World Open"]
[Site "Philadelphia"]
[Date "2004.06.30"]
[Round "2"]
[White "Ivanov, Alexander"]
[Black "Ippolito, Dean J"]
[Result "1-0"]
[WhiteElo "2623"]
[BlackElo "2404"]
[PlyCount "71"]
[EventDate "2004.??.??"]

1. Nf3 c5 2. e4 Nc6 3. d4 cxd4 4. Nxd4 Nf6 5. Nc3 e6 6. Ndb5 d6 7. Bf4 e5 8.
Bg5 a6 9. Na3 b5 10. Bxf6 gxf6 11. Nd5 f5 12. c3 Bg7 13. Bd3 Be6 14. Qh5 O-O
15. O-O fxe4 16. Bxe4 f5 17. Nf4 exf4 18. Bxc6 Rc8 19. Qe2 Qf6 20. Bb7 Rce8 21.
Rfe1 Qf7 22. Qf3 b4 23. Nc2 bxc3 24. bxc3 Bxc3 25. Qxc3 Qxb7 26. Nd4 Bd5 27.
Rxe8 Rxe8 28. Nxf5 Re6 29. Rc1 Qf7 30. Qd3 Be4 31. Rc8+ Re8 32. Nh6+ Kg7 33.
Nxf7 Rxc8 34. Qxe4 Kxf7 35. Qxf4+ Kg7 36. Qg4+ 1-0

[Event "World Open"]
[Site "Philadelphia"]
[Date "2004.06.30"]
[Round "2"]
[White "Mikhalevski, Victor"]
[Black "Formanek, Edward W"]
[Result "1-0"]
[WhiteElo "2561"]
[BlackElo "2308"]
[PlyCount "73"]
[EventDate "2004.??.??"]

1. d4 f5 2. g3 Nf6 3. Bg2 g6 4. c4 Bg7 5. Nf3 O-O 6. O-O d6 7. Nc3 Nc6 8. d5
Ne5 9. Nxe5 dxe5 10. Qb3 Nd7 11. Bd2 e4 12. f3 exf3 13. exf3 e5 14. Be3 c5 15.
dxc6 bxc6 16. c5+ Kh8 17. Qc4 Qc7 18. Rad1 Bb7 19. Rd6 Nf6 20. Qh4 Rad8 21.
Rfd1 Rxd6 22. Rxd6 Ne8 23. Qd8 Qxd8 24. Rxd8 Nf6 25. Rd6 Kg8 26. Bf1 Kf7 27.
Bg5 Ke7 28. Ba6 Bxa6 29. Rxc6 Bc8 30. Nd5+ Kd7 31. Rd6+ Ke8 32. Bxf6 Bxf6 33.
Nxf6+ Ke7 34. Nxh7 Rh8 35. Ng5 Bd7 36. Rxg6 Rb8 37. Rg7+ 1-0

[Event "World Open"]
[Site "Philadelphia"]
[Date "2004.06.30"]
[Round "2"]
[White "Rahman, Ziaur"]
[Black "Privman, Boris"]
[Result "1-0"]
[WhiteElo "2543"]
[BlackElo "2289"]
[PlyCount "125"]
[EventDate "2004.??.??"]

1. Nf3 e6 2. g3 f5 3. Bg2 Nf6 4. O-O Be7 5. c4 O-O 6. b3 Nc6 7. Bb2 Qe8 8. d4
d5 9. Nc3 Ne4 10. e3 Nxc3 11. Bxc3 Nd8 12. Qd2 Nf7 13. Bb4 Nd6 14. Ne5 c6 15.
a4 Nf7 16. Nd3 Bd6 17. a5 Qe7 18. Bxd6 Qxd6 19. Rfc1 Bd7 20. b4 b5 21. axb6
axb6 22. Qc3 b5 23. cxb5 cxb5 24. Nc5 Rfc8 25. Ra5 Be8 26. Rca1 Rxa5 27. Rxa5
Qe7 28. Qa1 Nd6 29. Ra7 Qf6 30. Qa5 h6 31. Bf1 e5 32. Qa2 exd4 33. Qxd5+ Bf7
34. Qxd4 Qxd4 35. exd4 Bc4 36. Rd7 Ne4 37. Bh3 Rf8 38. Nxe4 fxe4 39. d5 Ra8 40.
Be6+ Kh8 41. h4 g5 42. hxg5 hxg5 43. Bf5 Ra1+ 44. Kh2 Ra2 45. Kh3 Rxf2 46. Bxe4
Re2 47. Bf3 Re3 48. Bg2 Re2 49. Bf1 Rd2 50. Bxc4 bxc4 51. Kg4 Kg8 52. Kxg5 c3
53. Kg6 Kf8 54. Rc7 Rd3 55. Kf6 Ke8 56. g4 Rf3+ 57. Ke6 Re3+ 58. Kd6 Rg3 59. b5
Rxg4 60. Rc8+ Kf7 61. Rxc3 Ke8 62. Rc8+ Kf7 63. b6 1-0

[Event "World Open"]
[Site "Philadelphia"]
[Date "2004.06.30"]
[Round "2"]
[White "Norowitz, Yaacov"]
[Black "Mielke, Jason"]
[Result "1-0"]
[WhiteElo "2235"]
[BlackElo "2029"]
[PlyCount "99"]
[EventDate "2004.??.??"]

1. d4 d5 2. e3 Nf6 3. Bd3 c5 4. c3 g6 5. dxc5 Bg7 6. b4 O-O 7. Bb2 e5 8. Ne2
Nbd7 9. Nd2 e4 10. Bc2 Qc7 11. h3 b6 12. b5 Ne5 13. c6 Be6 14. Nd4 Rfd8 15. a4
Ne8 16. c4 Nd6 17. cxd5 Bxd5 18. Qb1 Nec4 19. Bc3 Bxd4 20. Bxd4 Nxd2 21. Kxd2
Nf5 22. Kc3 Nxd4 23. exd4 Bxc6 24. bxc6 Qxc6+ 25. Kb2 Rxd4 26. Rd1 Rc8 27. Rxd4
Qc3+ 28. Ka2 Qxd4 29. Qb2 Qxf2 30. Bxe4 Qf4 31. Bc2 a6 32. Rd1 b5 33. axb5 axb5
34. Bb3 Qe4 35. Qd2 Qa8+ 36. Kb2 b4 37. Qd3 Qa7 38. Rf1 Rc7 39. Qd8+ Kg7 40.
Qf6+ Kh6 41. Kb1 Qa3 42. Qf4+ Kg7 43. Qe5+ Kh6 44. Qe3+ Kg7 45. Rf3 f6 46. Qf4
Rc6 47. Bd5 b3 48. Rxb3 Qd6 49. Rb7+ Kh8 50. Rb8+ 1-0

[Event "World Open"]
[Site "Philadelphia"]
[Date "2004.06.30"]
[Round "2"]
[White "Shipman, Walter J"]
[Black "Stapczynski, Colin"]
[Result "1-0"]
[WhiteElo "2243"]
[BlackElo "1977"]
[PlyCount "81"]
[EventDate "2004.??.??"]

1. d4 Nf6 2. g3 c5 3. d5 e5 4. Nc3 d6 5. e4 Be7 6. Nf3 Nbd7 7. a4 Nf8 8. Nd2
Ng6 9. Nc4 Bd7 10. Bg2 O-O 11. O-O Ne8 12. f4 Bf6 13. f5 Nh8 14. h4 b6 15. Rf2
Be7 16. Bf1 Qb8 17. Rh2 f6 18. g4 Nf7 19. Rg2 h6 20. Nd2 a6 21. Nf3 Qd8 22. Be3
Nc7 23. Rb1 b5 24. axb5 axb5 25. b4 Ra3 26. Qd2 c4 27. Nd1 Qa8 28. Nf2 Qa4 29.
Nh3 Bd8 30. g5 hxg5 31. hxg5 fxg5 32. Nhxg5 Nxg5 33. Nxg5 Na8 34. c3 Ra1 35.
Rxa1 Qxa1 36. Ne6 Bxe6 37. dxe6 Qa6 38. Rxg7+ Kxg7 39. Bh6+ Kh7 40. Bxf8 Qa7+
41. Kh1 1-0

[Event "World Open"]
[Site "Philadelphia"]
[Date "2004.06.30"]
[Round "2"]
[White "Au, Leslie"]
[Black "Brookshear, H Timothy"]
[Result "1-0"]
[WhiteElo "2229"]
[BlackElo "2025"]
[PlyCount "137"]
[EventDate "2004.??.??"]

1. e4 c6 2. d4 d5 3. exd5 cxd5 4. c3 Nf6 5. Nf3 Nc6 6. Bd3 Bg4 7. Nbd2 e6 8. h3
Bh5 9. O-O Bd6 10. Re1 O-O 11. g4 Bg6 12. Bxg6 hxg6 13. Ne5 Bxe5 14. dxe5 Nd7
15. Nf3 Qc7 16. Bf4 Nc5 17. Bg3 Ne4 18. Kg2 Rad8 19. Qe2 Nxg3 20. Kxg3 d4 21.
Qc4 dxc3 22. Qxc3 Rd5 23. Kg2 Rfd8 24. Re3 R8d7 25. Rc1 Qd8 26. Rce1 Nd4 27.
Nxd4 Rxd4 28. R1e2 Rc7 29. Qb3 Qd7 30. Rc3 Rxc3 31. Qxc3 Qd5+ 32. Qf3 Qd7 33.
Rc2 Rd3 34. Qe4 Rd4 35. Rc7 Qxc7 36. Qxd4 a6 37. a4 Kf8 38. Kf3 Ke7 39. Ke3
Qc1+ 40. Kd3 Qc6 41. Kd2 Ke8 42. g5 Ke7 43. b3 b6 44. h4 a5 45. Kd3 Qf3+ 46.
Kc2 Qc6+ 47. Kb2 Qb7 48. b4 axb4 49. Qxb4+ Ke8 50. Qd4 Qc6 51. Kb3 Qf3+ 52. Kb4
Qc6 53. Qc4 Qb7 54. Kb5 Kd7 55. Kb4 Ke7 56. Qd3 Qc6 57. Qd4 Ke8 58. Qd6 Qe4+
59. Kb5 Qb1+ 60. Qb4 Qxb4+ 61. Kxb4 Kd7 62. Kc4 Kc6 63. Kd4 b5 64. a5 b4 65.
Kc4 b3 66. Kxb3 Kb5 67. f4 Kxa5 68. f5 exf5 69. h5 1-0

[Event "World Open"]
[Site "Philadelphia"]
[Date "2004.06.30"]
[Round "2"]
[White "Mayers, Dan E"]
[Black "Chernin, Oliver"]
[Result "0-1"]
[WhiteElo "2011"]
[BlackElo "2216"]
[PlyCount "98"]
[EventDate "2004.??.??"]

1. e4 c5 2. d4 cxd4 3. c3 Nf6 4. e5 Nd5 5. Qxd4 e6 6. Nf3 Nc6 7. Qe4 f5 8. Qe2
b6 9. c4 Nde7 10. b3 Ng6 11. Bb2 Qc7 12. Nc3 a6 13. O-O-O Bb7 14. Kb1 O-O-O 15.
Rc1 Bc5 16. a3 Ncxe5 17. Nxe5 Qxe5 18. b4 Qxe2 19. Bxe2 Bxf2 20. Nd1 Bh4 21.
Bxg7 Bxg2 22. Rg1 Be4+ 23. Ka2 Rhg8 24. Bd4 Nf4 25. Bf1 Rxg1 26. Bxg1 Kb7 27.
Nc3 Bc6 28. Be3 Ng6 29. b5 axb5 30. cxb5 Bf3 31. Na4 Ne5 32. Nxb6 Ng4 33. Bg1
Bg5 34. Rc3 Be4 35. a4 d5 36. Bc5 d4 37. Rh3 d3 38. a5 d2 39. a6+ Kc7 40. Be2
d1=Q 41. Bxd1 Rxd1 42. Nc4 Bd5 43. Kb3 Rb1+ 44. Ka4 Bxc4 45. a7 Bxb5+ 46. Ka5
Bd2+ 47. Bb4 Bxb4+ 48. Kxb5 Ba3+ 49. Ka6 Ra1 0-1

[Event "World Open"]
[Site "Philadelphia"]
[Date "2004.06.30"]
[Round "2"]
[White "Coraretti, Benjamin J"]
[Black "Savage, Allan G"]
[Result "0-1"]
[WhiteElo "1863"]
[BlackElo "2203"]
[PlyCount "188"]
[EventDate "2004.??.??"]

1. e4 e6 2. d4 d5 3. exd5 exd5 4. Bd3 Nc6 5. c3 Bd6 6. Nf3 Bg4 7. O-O Nge7 8.
Re1 Qd7 9. Nbd2 O-O-O 10. Nf1 f6 11. Bd2 g5 12. b4 Rde8 13. a4 Ng6 14. Ne3 Be6
15. h3 Nce7 16. Qc2 Kb8 17. a5 Nf4 18. Bf1 h5 19. c4 dxc4 20. Nxc4 Ned5 21. a6
b6 22. Bxf4 Nxf4 23. Nxd6 cxd6 24. Rac1 Bd5 25. Nd2 Rc8 26. Qb1 Rxc1 27. Rxc1
Re8 28. Re1 Rxe1 29. Qxe1 Qe6 30. Qxe6 Nxe6 31. Be2 Nf4 32. Bf3 Bxf3 33. Nxf3
b5 34. Kf1 Nd5 35. Nd2 f5 36. g4 hxg4 37. hxg4 fxg4 38. Ne4 Kc7 39. Nxg5 Nxb4
40. Kg2 Nxa6 41. Kg3 b4 42. Kxg4 b3 43. Ne4 b2 44. Nc3 Nb4 45. Kf3 Nc2 46. Nb1
Nxd4+ 47. Ke4 Nb5 48. Kd3 Kc6 49. Kc2 Kd5 50. Kxb2 Ke4 51. Nd2+ Kd3 52. Kc1 Nd4
53. Nf1 Nf5 54. Nd2 d5 55. Nf3 Ke2 56. Ne5 d4 57. f4 a5 58. Kb2 Nd6 59. Kb3 Ke3
60. f5 Nxf5 61. Nc4+ Ke2 62. Nxa5 d3 63. Nc4 Ne3 64. Nb2 d2 65. Kb4 Nc2+ 66.
Kc3 Ne1 67. Kc4 Nd3 68. Na4 Ke1 69. Nc3 Nf2 70. Kd4 Nh3 71. Kd3 Ng1 72. Ke3 Ne2
73. Nxe2 d1=Q 74. Nd4 Qd2+ 75. Ke4 Kf2 76. Nf5 Qc2+ 77. Ke5 Qc3+ 78. Ke4 Qc4+
79. Ke5 Qa4 80. Nd4 Kg3 81. Nf5+ Kg4 82. Ne3+ Kg5 83. Nd5 Qc4 84. Kd6 Qd4 85.
Kc6 Kf5 86. Nc7 Ke5 87. Nb5 Qc4+ 88. Kb6 Kd5 89. Nc7+ Kd6 90. Nb5+ Kd7 91. Na7
Qc7+ 92. Ka6 Qb8 93. Nb5 Kc6 94. Na7+ Kc5 0-1

[Event "World Open"]
[Site "Philadelphia"]
[Date "2004.06.30"]
[Round "2"]
[White "Samimi, Sohrab"]
[Black "Knesevitch, Ed"]
[Result "1-0"]
[WhiteElo "2200"]
[BlackElo "1767"]
[PlyCount "69"]
[EventDate "2004.??.??"]

1. d4 Nf6 2. c4 c5 3. d5 e6 4. Nc3 exd5 5. cxd5 d6 6. e4 g6 7. Nf3 Bg7 8. Bd3
O-O 9. O-O a6 10. a4 Re8 11. h3 c4 12. Bc2 Nbd7 13. Re1 Nc5 14. Qe2 Nfxe4 15.
Nxe4 Nxe4 16. Bxe4 f5 17. Qxc4 Rxe4 18. Rxe4 fxe4 19. Qxe4 Bf5 20. Qb4 Qd7 21.
Bf4 Rc8 22. Bxd6 Bxb2 23. Qxb2 Qxd6 24. Qxb7 Rc2 25. Re1 Bd7 26. Ne5 Qf6 27.
Qb8+ Bc8 28. Ng4 Qf8 29. d6 h5 30. Qb3+ Kh8 31. Qxc2 hxg4 32. Re7 Bf5 33. Qc3+
Kg8 34. Qc4+ Kh8 35. hxg4 1-0

[Event "2004 World Open: 7-Day"]
[Site "Philadelphia, PA"]
[Date "2004.07.02"]
[Round "4"]
[White "Mikhalevski, Victor"]
[Black "Najer, Evgeny"]
[Result "1/2-1/2"]
[WhiteElo "2561"]
[BlackElo "2652"]
[PlyCount "29"]
[EventDate "2004.??.??"]

1. d4 d5 2. c4 c6 3. Nf3 Nf6 4. Nc3 a6 5. c5 Nbd7 6. Bf4 Nh5 7. Bd2 Nhf6 8. Qc2
g6 9. e4 dxe4 10. Ng5 Bg7 11. Bc4 O-O 12. Bxf7+ Rxf7 13. Ne6 Qe8 14. Nc7 Qf8
15. Ne6 1/2-1/2

[Event "2004 World Open: 7-Day"]
[Site "Philadelphia, PA"]
[Date "2004.07.02"]
[Round "4"]
[White "Rahman, Ziaur"]
[Black "Formanek, Edward W"]
[Result "1-0"]
[WhiteElo "2543"]
[BlackElo "2308"]
[PlyCount "73"]
[EventDate "2004.??.??"]

1. Nf3 d5 2. d4 Nf6 3. c4 c6 4. e3 a6 5. Nc3 g6 6. Bd3 Bg7 7. O-O O-O 8. h3 b5
9. b3 Bf5 10. Bxf5 gxf5 11. Ne5 Qd6 12. a4 b4 13. Ne2 a5 14. Bb2 e6 15. Rc1
Nfd7 16. Nd3 Na6 17. Nef4 Rfc8 18. Qf3 Nc7 19. Nh5 Ne8 20. Rc2 Rc7 21. Rfc1
Rac8 22. Nxg7 Nxg7 23. Nc5 Nb8 24. Qe2 Kf8 25. cxd5 Qxd5 26. Rc4 Ke7 27. Nd3
Nd7 28. Nf4 Qd6 29. Qf3 Ne8 30. Qg3 Nef6 31. Qh4 Ke8 32. R4c2 Qe7 33. Nd3 Kd8
34. Nc5 Nb6 35. f3 Nfd5 36. Qg3 Nxe3 37. Qg8+ 1-0

[Event "2004 World Open: 7-Day"]
[Site "Philadelphia, PA"]
[Date "2004.07.02"]
[Round "4"]
[White "Martin Tarrio, David"]
[Black "Ippolito, Dean J"]
[Result "0-1"]
[WhiteElo "2257"]
[BlackElo "2404"]
[PlyCount "82"]
[EventDate "2004.??.??"]

1. e4 e5 2. Nf3 Nf6 3. Nxe5 d6 4. Nf3 Nxe4 5. Nc3 Nxc3 6. dxc3 Be7 7. Be3 O-O
8. Qd2 Nd7 9. O-O-O Ne5 10. Nxe5 dxe5 11. Qxd8 Rxd8 12. Rxd8+ Bxd8 13. Be2 Be6
14. Bf3 c6 15. Bc5 Bb6 16. Bxb6 axb6 17. Rd1 f5 18. a3 Kf7 19. Be2 b5 20. Bf1
g5 21. Re1 Kf6 22. Be2 Rd8 23. Rd1 Rxd1+ 24. Bxd1 g4 25. g3 f4 26. Be2 e4 27.
Kd2 Ke5 28. b3 h5 29. Bf1 Bd5 30. Ke2 c5 31. Kd2 c4 32. b4 e3+ 33. fxe3 fxg3
34. hxg3 h4 35. gxh4 g3 36. Ke2 g2 37. Bxg2 Bxg2 38. h5 Be4 39. Kd2 Kf5 40. h6
Kg6 41. Ke2 Kxh6 0-1

[Event "2004 World Open: 7-Day"]
[Site "Philadelphia, PA"]
[Date "2004.07.02"]
[Round "4"]
[White "Hoekstra, Matthew"]
[Black "Privman, Boris"]
[Result "1-0"]
[WhiteElo "2386"]
[BlackElo "2289"]
[PlyCount "63"]
[EventDate "2004.??.??"]

1. d4 e6 2. c4 d5 3. Nc3 f5 4. Bf4 Nf6 5. e3 c6 6. Bd3 Be7 7. h3 O-O 8. g4 dxc4
9. Bxc4 Nd5 10. Nge2 b5 11. Bb3 Kh8 12. gxf5 b4 13. Nxd5 exd5 14. Ng3 Bh4 15.
Rg1 Bxg3 16. Rxg3 Bxf5 17. Be5 Bg6 18. Bc2 Nd7 19. Bxg6 Nxe5 20. dxe5 hxg6 21.
Qg4 Qe8 22. f4 Rf5 23. O-O-O Rh5 24. Qxg6 Qxg6 25. Rxg6 Rxh3 26. Rdg1 Rxe3 27.
Rxg7 Rf8 28. R7g6 Kh7 29. R6g5 Rh3 30. f5 Rf7 31. e6 Re7 32. f6 1-0

[Event "2004 World Open: 7-Day"]
[Site "Philadelphia, PA"]
[Date "2004.07.02"]
[Round "4"]
[White "Owen, Steven A"]
[Black "Andrianov, Nikolay"]
[Result "0-1"]
[WhiteElo "2051"]
[BlackElo "2433"]
[PlyCount "62"]
[EventDate "2004.??.??"]

1. Nf3 Nf6 2. g3 d5 3. Bg2 Bf5 4. d3 e6 5. Nbd2 h6 6. O-O Be7 7. Re1 O-O 8. c3
Bh7 9. Ne5 c5 10. f4 Nc6 11. Ndf3 Rc8 12. Nxc6 bxc6 13. c4 Qb6 14. Qb3 Rfd8 15.
Be3 Rd7 16. Bf2 Ng4 17. e4 Bf6 18. e5 Bd8 19. Qxb6 axb6 20. Bf1 Nxf2 21. Kxf2
b5 22. a4 bxc4 23. dxc4 Ba5 24. Re3 Rb8 25. b3 d4 26. Re2 Rxb3 27. Nd2 Rb2 28.
Nf3 Rdb7 29. Ra2 Rb1 30. Nd2 d3 31. Re1 R1b2 0-1